000 00451cam a22001337a 4500
008 180718b1970 xxu||||| |||| 00| 0 eng d
082 _aZ47x6 Ei23
100 _aEicher, Carl
245 _aEmployment generation in African agriculture
_cby Carl Eicher and others
260 _aMichingam
_bMichagan State Univ.
_c1970
300 _a66p.
440 _a(College of Agriculture and National Resources, research Report No.9)
650 _aFarm Labour - Africa
999 _c476615
_d476615